000 00627nam a2200241Ia 4500
003 OSt
005 20221007064655.0
006 a|||||r|||| 00| 0
007 ta
008 221006b |||||||| |||| 00| 0 eng d
024 _a21,723
037 _cTextual
040 _aFLL
_cFLL
_beng
041 _2eng
_aeng
082 _aZ2:8e, J4
100 _aKhanna A. N.
_9682984
245 0 _aForms and precedents in conveyancing
250 _a2nd
260 _aDelhi
_bLaws (India) Limited India
_c1954
300 _aviii,328p
_ccm.
942 _hZ2:8e, J4
_cTEXL
_2CC
999 _c1134968
_d1134968